Flame of Anger (Record no. 1897)

MARC details
000 -LEADER
fixed length control field 00313nam a22001337a 4500
003 - CONTROL NUMBER IDENTIFIER
control field OSt
005 - DATE AND TIME OF LATEST TRANSACTION
control field 20160727222457.0
008 - FIXED-LENGTH DATA ELEMENTS--GENERAL INFORMATION
fixed length control field 160705b xxu||||| |||| 00| 0 eng d
100 ## - MAIN ENTRY--PERSONAL NAME
9 (RLIN) 2207
Personal name Clark, E
245 ## - TITLE STATEMENT
Title Flame of Anger
260 ## - PUBLICATION, DISTRIBUTION, ETC. (IMPRINT)
Place of publication, distribution, etc. Michigan
Name of publisher, distributor, etc. Zonderan
Date of publication, distribution, etc. 1966
300 ## - PHYSICAL DESCRIPTION
Extent Flame of Anger
942 ## - ADDED ENTRY ELEMENTS (KOHA)
Source of classification or shelving scheme Dewey Decimal Classification
Koha item type BOOK
Holdings
Withdrawn status Lost status Source of classification or shelving scheme Damaged status Not for loan Home library Current library Shelving location Date acquired Total Checkouts Full call number Barcode Date last seen Price effective from Koha item type
    Dewey Decimal Classification     Good Samaritan School Library Good Samaritan School Library FICTION 07/05/2016   823 VAU1263 07/05/2016 07/05/2016 BOOK

Powered by Koha